000 00382nab a2200145Ia 4500
003 ES-SlBCS
005 20210601134617.0
008 140529s1995 xxu||||| |||| 00| 0 spa d
041 _aspa
100 1 _aReyes, Jonny
_9220403
245 0 0 _aVivencia de la fe
_c Jonny Reyes
650 0 4 _aFe
_914445
773 0 _tAnthropos
_gvol. 16, nº. 30, 1995, págs. 91-105
_wRev38
942 _cAR
999 _c615240
_d615240